Critical Reading : (Record no. 4861)
[ view plain ]
| 000 -LEADER | |
|---|---|
| fixed length control field | nam a22 7a 4500 |
| 005 - DATE AND TIME OF LATEST TRANSACTION | |
| control field | 20200917151832.0 |
| 008 - FIXED-LENGTH DATA ELEMENTS--GENERAL INFORMATION | |
| fixed length control field | 200917b2006 us ||||| |||| 00| 0 eng d |
| 020 ## - INTERNATIONAL STANDARD BOOK NUMBER | |
| International Standard Book Number | 9780415303224 |
| Terms of availability | RM 67.00 |
| 040 ## - CATALOGING SOURCE | |
| Original cataloging agency | AKMAL |
| 082 ## - DEWEY DECIMAL CLASSIFICATION NUMBER | |
| Classification number | 118.6 BEN |
| 090 ## - LOCALLY ASSIGNED LC-TYPE CALL NUMBER (OCLC); LOCAL CALL NUMBER (RLIN) | |
| Classification number (OCLC) (R) ; Classification number, CALL (RLIN) (NR) | 118.6 |
| Local cutter number (OCLC) ; Book number/undivided call number, CALL (RLIN) | BEN |
| 100 1# - MAIN ENTRY--PERSONAL NAME | |
| Personal name | Ben Yudkin |
| Dates associated with a name | 1968 |
| 9 (RLIN) | 9251 |
| 245 ## - TITLE STATEMENT | |
| Title | Critical Reading : |
| Remainder of title | Making sense of research papers in life sciences and medicine |
| Statement of responsibility, etc. | Ben Yudkin. |
| 260 ## - PUBLICATION, DISTRIBUTION, ETC. | |
| Place of publication, distribution, etc. | London , New York |
| Name of publisher, distributor, etc. | Routledge/taylor & Francis Group |
| Date of publication, distribution, etc. | 2006. |
| 300 ## - PHYSICAL DESCRIPTION | |
| Extent | x, 129 pages |
| Other physical details | illustrations |
| Dimensions | 24cm |
| 490 1# - SERIES STATEMENT | |
| Series statement | Routledge study guides |
| 504 ## - BIBLIOGRAPHY, ETC. NOTE | |
| Bibliography, etc. note | Includes bibliographical references and index. |
| 505 0# - FORMATTED CONTENTS NOTE | |
| Formatted contents note | 1. The Paper Trail The deep end Sources of information Textbooks Reviews Research papers Finding what you need Know your books Know your journals Hunting the needle Looking into the future References-- 2. Medium and MessageJournals Peer review Prestige or puff? The internet and other sources A tangled web Copying errors References-- 3. Scientists as Authors Truth and relative truth The world is orderly isn't it? Artefact or ugly fact? Interpretation and presentation The academic funding crisis Science meets business Stockholm beckons Sex sells Invisible science Publication bias and reference bias Calling the tune References-- 4. The Abstract and Introduction First impressions Do I need to read the paper? What is the paper about? What was the point of the research? What are Abstracts not for? Exercise-- 5. Materials and Methods The scientific method Attention pleaseMethod or madness? What are controls for? The scientific question A clear problemExercise-- 6. Quantitative Methods Significant figures Statistical significance Confidence intervals Sample size The significance of figures Exercise References-- 7. Thinking Science Assumptions and deductions Outside the box Lines of reasoning Reading research Revisiting the paper trail Exercise References. |
| 650 ## - SUBJECT ADDED ENTRY--TOPICAL TERM | |
| Topical term or geographic name entry element | Medical literature |
| General subdivision | Evaluation. |
| 9 (RLIN) | 9252 |
| 650 ## - SUBJECT ADDED ENTRY--TOPICAL TERM | |
| Topical term or geographic name entry element | Life sciences literature |x Evaluation. |
| General subdivision | Evaluation. |
| 9 (RLIN) | 9253 |
| 650 ## - SUBJECT ADDED ENTRY--TOPICAL TERM | |
| Topical term or geographic name entry element | Critical thinking. |
| 9 (RLIN) | 1062 |
| 650 ## - SUBJECT ADDED ENTRY--TOPICAL TERM | |
| Topical term or geographic name entry element | Content area reading. |
| 9 (RLIN) | 9254 |
| 650 12 - SUBJECT ADDED ENTRY--TOPICAL TERM | |
| Topical term or geographic name entry element | Research. |
| 9 (RLIN) | 3180 |
| 650 12 - SUBJECT ADDED ENTRY--TOPICAL TERM | |
| Topical term or geographic name entry element | Biological Science Disciplines. |
| 9 (RLIN) | 9255 |
| 830 ## - SERIES ADDED ENTRY--UNIFORM TITLE | |
| Uniform title | Routledge study guides. |
| 9 (RLIN) | 9256 |
| 942 ## - ADDED ENTRY ELEMENTS (KOHA) | |
| Source of classification or shelving scheme | |
| Koha item type | Book |
| Withdrawn status | Lost status | Source of classification or shelving scheme | Damaged status | Not for loan | Collection code | Home library | Current library | Shelving location | Date acquired | Cost, normal purchase price | Inventory number | Total Checkouts | Full call number | Barcode | Date last seen | Cost, replacement price | Price effective from | Koha item type |
|---|---|---|---|---|---|---|---|---|---|---|---|---|---|---|---|---|---|---|
| NON-FICTION | AKMAL Melaka | AKMAL Melaka | PINJAMAN | 17.09.2020 | 67.00 | 011348 | 118.6 BEN | 201707913 | 17.09.2020 | 2020.00 | 17.09.2020 | Book |
